00748nam a2200229Ia 4500003000400000005001700004008004100021020001800062040001800080041000800098082001900106100002400125245014300149250001300292260005500305300002800360440002900388650001500417650003500432650002800467700002300495OSt20260303163338.0210716s2012 xx 000 0 und d a9789350711262 cAIMIT LIBRARY aeng a336.242 bSINV aSinghania, Vinod K. aStudents guide to income tax :bincluding service tax ,vat, excise duty, customs duty, cst / cBy Vinod K. Singhania and Monica Singhania. a52nd ed. aNew Delhi :bTaxmann Publications Pvt Ltd ,c2012. axix,938 p.;bPBc27 cm. aAssesssment year 2015-16 aIncome tax aIncome that is exempt from tax aAdvanced payment of tax aSinghania, Monica.